Freud ve sonrası (Record no. 8344)

MARC details
000 -BAŞLIK
Sabit Uzunlukta Kontrol Alanı 01138na a2200325 4500
001 - KONTROL NUMARASI
Denetim Alanı 12657
003 - KONTROL NUMARASI IDENTIFIER
Denetim Alanı MIRAKIL
005 - SON İŞLEM TARİHİ VE ZAMANI
Denetim Alanı 20181213155208.0
008 - SABİT-BOY VERİ ELEMANLARI - GENEL BİLGİLER
Sabit Uzunlukta Kontrol Alanı 160812b tu 000 0
020 ## - ULUSLARARASI STANDART KİTAP NUMARASI
Uluslararası Standart Kitap Numarası 9786053992554
035 ## - SİSTEM KONTROL NUMARASI
Sistem Kontrol Numarası 12657
040 ## - KATALOGLAMA KAYNAK
Orijinal Kataloglama Ajansı Milas
Kataloglama Dili tur
Metne Dönüştürmek Ajansı TR-AnCHP
082 ## - DEWEY ONLU SINIFLANDIRMA NUMARASI
Sınıflandırma Numarası 150.195
Ürün Numarası M52f 2012
090 ## - SINIFLAMA NUMARASI
Sınıflama Numarası 150.195 M52f 2012
100 ## - ANA GİRİŞ - KİŞİSEL İSİM
Kişisel Ad Mıtchell, Stephen A.
245 ## - BAŞLIK TABLOSU
Başlık Freud ve sonrası
Başlığın Kalan Modern psikanalitik düşüncenin tarihi
Sorumluluk Tablosu, Vb Stephen A. Mitchell, Margaret J. Black ; Çeviren Ayhan Eğrilmez
246 ## - UNVAN FORM VARYING
Başlık Doğru / Kısa Başlığı Modern psikanalitik düşüncenin tarihi
260 ## - YAYIN, DAĞITIM, VB
Yayın, Dağıtım, Vb Yeri İstanbul
Yayıncı, Dağıtıcı, Vs Adı İstanbul Bilgi Üniversitesi Yayınları
Yayın, Dağıtım, Vb Tarihi 2012
300 ## - FİZİKSEL TANIM
Kapsam vii, 312 s.
Boyutlar 23 sm.
490 ## - SERİSİ TABLOSU
Seri Beyanı Psikanaliz/Psikoloji dizisi
Hacim / Ardışık Tanımı 6
490 ## - SERİSİ TABLOSU
Seri Beyanı İstanbul Bilgi Üniversitesi yayınları
Hacim / Ardışık Tanımı 397
500 ## - GENEL NOT
Genel Not Özgün yapıt adı : Freud and beyond : a history of modern psychoanalytic thought
504 ## - KAYNAKÇA VB NOT
Kaynakça Vb Notu Kaynakça ve dizin var.
600 ## - KONU KATMA GİRİŞ - KURUMSAL ADI
Kişisel Ad Freud, Sigmund
Bir Adıyla İlişkilendirilen Tarihler 1856-1939
Relator Terim Psikanaliz
650 ## - KONU KATMA GİRİŞ - TOPİKAL DÖNEM
Topikal Süreli Veya Coğrafi Ad Giriş Elemanı Psikanaliz
Genel Alt Bölümü Tarih
650 ## - KONU KATMA GİRİŞ - TOPİKAL DÖNEM
Topikal Süreli Veya Coğrafi Ad Giriş Elemanı Psikanaliz
700 ## - KATMA GİRİŞ - KİŞİSEL İSİM
Kişisel Ad Eğrilmez, Ayhan
700 ## - KATMA GİRİŞ - KİŞİSEL İSİM
Kişisel Ad Black, J. Margaret
942 ## - EKLENDİ GİRİŞ ELEMANLARI (KOHA)
Sınıflandırma Veya Raf Düzeni Kaynak Dewey Decimal Classification
Koha Öğesi Türü Books
999 ## - SİSTEM KONTROL NUMARALARI (KOHA)
Koha Biblionumber 8344
Koha Biblioitemnumber 8344
Holdings
Kalıcı Konum Mevcut Konum Edinme Tarihi Edinim Kaynak Toplam Check-Out'Lar Tam Çağrı Numarası Barkod Tarih Son Görülme İtibaren Geçerli Fiyatlar Koha Öğesi Türü
CHP Kütüphanesi CHP Kütüphanesi 07/30/2016 Bağış   150.195 M52f 2012 000511 07/30/2016 07/30/2016 Books